00361nam a2200109Ia 4500008004000000082001500040100003200055245007300087260004000160300001400200650003700214210210b1980 xxu||||| |||| 00| 0 eng d a547.3 SHRS aSHRINER (Ralph L) & others. aSystamatic identification of organic compounds: a laboratory manual. aNew YorkbJohn Wiley and Sonsc1980 axviii,604 aIdentification Organic Compounds